LEADER 01105nam a2200229 4500 001 000000355942 003 CaOOAMICUS 005 20231025140205.0 008 231025s1878 it a 000 u ita r 040 $aSeMil$bita 100 11$aSelvatico, Pietro,$d<1803-1880>.$0(OLS)http://semarc/name/75882 245 13$aLe arti del disegno in Italia :$bstoria e critica /$cP. Selvatico, L. Chirtani, T.V. Paravicini. 264 1$aMilano [etc.] :$bFrancesco Vallardi,$c1876- 300 $a3 v. :$bill. ;$c27 cm 500 $aPosseduto il v. 2 650 4$aDisegno - Italia - Storia.$0(OLS)http://semarc/subject/54646 700 1 $aParavicini, Tito Vespasiano,$d<1830-1899>.$0(OLS)http://semarc/name/55883 700 1 $aArchinti, Luigi,$d<1825-1902>.$0(OLS)http://semarc/name/118446 774 0 $aSelvatico, Pietro <1803-1880>$tMedio Evo.$dMilano [etc.] : Francesco Vallardi, 1876-$w()355943 996 $6245$aLe arti del disegno in Italia :$bstoria e critica$9(OLS)http://semarc/title/446161 996 $6264$aMilano [etc.] :$bFrancesco Vallardi$9(OLS)http://semarc/publisher/36386 LEADER 01245nas a2200253 i 4500 001 000000009042 003 CaOOAMICUS 005 20180830125439.0 008 180830s1963 it uu u0 0ita r 040 $aSeMil$bita 245 10$aSupplemento al Nuovo Cimento /$ca cura della Società Italiana di Fisica. 260 $aBologna :$bZanichelli,$c1963-1968- 500 $aSupplementi che riportano atti di Simposi, Convegni Corsi, Congressi della Società Italiana di Fisica. - Prima di articolarsi in una serie con numerazione propria, i supplementi erano riferiti ai singoli volumi della rivista "Il Nuovo Cimento". 500 $aConsistenza: Serie 1. : 1. (1963) - 6. (1969). - Lacune : 1965, n. 4 ; 1968, n. 3 700 1 $aSocietà italiana di fisica.$0(OLS)http://semarc/name/2087 772 0 $tNuovo Cimento.$dBologna : Zanichelli, 1942-1971.$w()2554 774 0 $tTitolo mancante.$w()78357 774 0 $tTitolo mancante.$w()78358 774 0 $tTitolo mancante.$w()78359 774 0 $tTitolo mancante.$w()78360 774 0 $tTitolo mancante.$w()78361 774 0 $tTitolo mancante.$w()78362 996 $6245$aSupplemento al Nuovo Cimento$9(OLS)http://semarc/title/11931 996 $6260$aBologna :$bZanichelli$9(OLS)http://semarc/publisher/29934